000 nam a22 a 4500
999 _c425820
_d425820
003 BLK
005 20220917095404.0
008 210729b bul|||||r ||||||| ||bul||
020 _a9786197496802
040 _aBLK
041 _aBUL
_cBUL
080 _aБългарска литература
_b821.163.2
_x-22
_z821.163.2-22
100 1 _aВойников, Добри Попов
_eпърви автор
_9281055
139 _aВойников, Добри Попов
_bВ 80
245 1 0 _aКриворазбраната цивилизация
_bСатирична пиеса в 5 д.
_cДобри Попов Войников
260 _aСофия
_bБи 93
_c2021
_f(София : Алианс принт)
_9220482
_n954-90275-
300 _a166 с.
_c21 см
380 _aX
490 _9201130
_aБългарска история
852 _bП
_c821.163.2-2/В 80 Д
942 _cKNG
_n0
_s1
_08
944 _aCR
_c2021-07-29
_kГеновева_Генчева